[Event "e2e4 Diamond Jubilee Premier"]
[Site "London ENG"]
[Date "2012.06.04"]
[Round "5.20"]
[White "Karayiannis, Costas"]
[Black "Grattage, Matthew"]
[Result "1-0"]
[WhiteElo "2167"]
[BlackElo "2002"]
[WhiteFideId "405183"]
[BlackFideId "423750"]
[EventDate "2012.06.02"]

1. c4 c5 2. g3 g6 3. Bg2 Bg7 4. Nc3 Nc6 5. Nf3 f5 6. d3 Nf6 7. Bg5 e5 8. O-O d6
9. Ne1 h6 10. Bd2 Be6 11. Nd5 O-O 12. Nc2 Bxd5 13. cxd5 Nd4 14. Na3 b5 15. e3 b4
16. Nc4 Nb5 17. a4 Nc7 18. e4 a5 19. Qb3 Kh7 20. Rae1 Ra7 21. Qc2 Nce8 22. f3
Raf7 23. Be3 Nd7 24. Kh1 f4 25. Bf2 g5 26. Bh3 Ndf6 27. Bf5+ Kh8 28. Bxc5 Nxd5
29. Be6 dxc5 30. Bxd5 Ra7 31. Nd2 Qb6 32. Rc1 Rc7 33. Nb3 Nf6 34. Bc4 Rd8 35.
Qg2 Nd7 36. Qh3 Ra8 37. Rf2 Nb8 38. Qh5 Nd7 39. Rfc2 Qd6 40. Bb5 Nf6 41. Qg6 Qe7
42. Rxc5 Rac8 43. Rxc7 Rxc7 44. Bc4 Qd7 45. Ra1 Qd6 46. Qf5 g4 47. gxf4 Qb6 48.
fxe5 Rxc4 49. exf6 Rc2 50. fxg7+ Kxg7 51. Qxg4+ Kh8 52. Rg1 1-0

[Event "e2e4 Diamond Jubilee Premier"]
[Site "London ENG"]
[Date "2012.06.04"]
[Round "5.21"]
[White "Garnett, John S"]
[Black "Josse, Mark"]
[Result "1/2-1/2"]
[WhiteElo "2008"]
[BlackElo "2131"]
[WhiteFideId "410829"]
[BlackFideId "414476"]
[EventDate "2012.06.02"]

1. c4 e5 2. g3 Nc6 3. Bg2 Bc5 4. Nc3 d6 5. e3 a6 6. Nge2 Ba7 7. d4 exd4 8. exd4
Nge7 9. O-O O-O 10. b3 Bg4 11. Qd2 Nf5 12. d5 Ncd4 13. Nxd4 Nxd4 14. Qf4 Qd7 15.
Kh1 Rfe8 16. Bd2 h6 17. Rae1 Rxe1 18. Rxe1 Nc2 19. Rc1 Nb4 20. Bf1 Qf5 21. Qxf5
Bxf5 22. Kg2 Nd3 23. Bxd3 Bxd3 24. Re1 Kf8 25. Be3 Re8 26. Rd1 Bxe3 27. Rxd3 Ba7
28. Rd2 Bc5 29. Re2 Rxe2 30. Nxe2 Ke7 31. f4 f5 32. h4 h5 33. Kf3 c6 34. Nc1
cxd5 35. cxd5 Kd7 36. Nd3 Kc7 37. Kg2 Kb6 38. Kf3 Ba3 39. Kg2 a5 40. Kf3 Kb5 41.
Kg2 a4 42. Kf3 axb3 43. axb3 Bc5 44. Kg2 Bd4 1/2-1/2

[Event "e2e4 Diamond Jubilee Premier"]
[Site "London ENG"]
[Date "2012.06.04"]
[Round "5.22"]
[White "Cafolla, Peter"]
[Black "Tasker, Michael W"]
[Result "1/2-1/2"]
[WhiteElo "1995"]
[BlackElo "2098"]
[WhiteFideId "2500884"]
[BlackFideId "408271"]
[EventDate "2012.06.02"]

1. d4 Nf6 2. c4 g6 3. Nc3 Bg7 4. e4 d6 5. Be2 O-O 6. Nf3 e5 7. d5 a5 8. Bg5 h6
9. Bh4 Na6 10. O-O Qe8 11. Nd2 h5 12. a3 Bd7 13. b3 Nh7 14. f3 Bh6 15. Bf2 Qe7
16. Kh1 f5 17. Rb1 Qg5 18. Rb2 b6 19. Qe1 Qe7 20. b4 axb4 21. axb4 Nf6 22. c5
bxc5 23. Bxa6 cxb4 24. Rxb4 Rxa6 25. Nb3 fxe4 26. fxe4 Ng4 27. Bg1 Raa8 28.
Rxf8+ Rxf8 29. h3 Nf6 30. Rb7 Ne8 31. Nb5 Bc8 32. Ra7 Bg5 33. Bb6 Bh4 34. Qc3
Qf6 35. Nxc7 Qf1+ 36. Kh2 Be1 37. Qc1 h4 38. Bg1 Bxh3 39. Qg5 Bg3+ 40. Kxh3 Qxg1
41. Qxg6+ Ng7 42. Nb5 Qh1+ 43. Kg4 Qd1+ 44. Kh3 Qh1+ 45. Kg4 Qd1+ 1/2-1/2

[Event "e2e4 Diamond Jubilee Premier"]
[Site "London ENG"]
[Date "2012.06.04"]
[Round "5.23"]
[White "Goodger, Martyn"]
[Black "Batchelor, Peter J"]
[Result "0-1"]
[WhiteElo "2091"]
[BlackElo "2050"]
[WhiteFideId "408336"]
[BlackFideId "424854"]
[EventDate "2012.06.02"]

1. e4 c6 2. c4 d5 3. cxd5 cxd5 4. exd5 Nf6 5. Nc3 Nxd5 6. Nf3 Nc6 7. Bb5 Nxc3 8.
bxc3 Qd5 9. Qb3 Qe4+ 10. Be2 e6 11. d3 Qg6 12. O-O Be7 13. d4 O-O 14. Rd1 b6 15.
Bd3 Qh5 16. Rb1 Bb7 17. Qc2 Rac8 18. Rb5 f5 19. Qe2 Rf6 20. c4 Nb4 21. Ne5 Qxe2
22. Bxe2 Ba6 23. Nd7 Bxb5 24. cxb5 Nxa2 25. Nxf6+ Bxf6 26. Be3 Nc3 27. Re1 Nxe2+
28. Rxe2 Bxd4 29. Ra2 Rc7 30. Kf1 Bxe3 31. fxe3 Kf7 32. Ke2 Kf6 33. Kf3 Rc5 34.
Rb2 Rc4 35. h3 Ra4 36. g3 g5 37. Kf2 h5 38. Kf3 Ke5 39. Kf2 Ra3 40. Ke2 g4 41.
hxg4 hxg4 42. Kd2 Ra4 43. Ke2 Kd5 44. Rc2 Rb4 45. Ra2 Rxb5 46. Rxa7 Rb2+ 47. Kd3
Rg2 48. Rb7 Rxg3 49. Rxb6 f4 50. Ke2 Rxe3+ 51. Kf2 g3+ 52. Kf1 e5 53. Rb8 Ra3
54. Rb4 f3 55. Rb1 Ra2 56. Kg1 e4 57. Kh1 Rh2+ 58. Kg1 f2+ 0-1

[Event "e2e4 Diamond Jubilee Premier"]
[Site "London ENG"]
[Date "2012.06.04"]
[Round "5.25"]
[White "Dixit, Kumar"]
[Black "Rizvi, Nasir"]
[Result "0-1"]
[WhiteElo "1858"]
[BlackElo "2074"]
[WhiteFideId "421103"]
[BlackFideId "1800540"]
[EventDate "2012.06.02"]

1. d4 e6 2. Nf3 f5 3. Bg5 Be7 4. Bxe7 Qxe7 5. c4 Nf6 6. Nc3 O-O 7. g3 d6 8. Bg2
a5 9. O-O Kh8 10. Qc2 Nc6 11. Rad1 e5 12. dxe5 dxe5 13. Nd5 Nxd5 14. cxd5 Nb4
15. Qc4 b5 16. Qxb5 Ba6 17. d6 cxd6 18. Qxa5 Rfb8 19. Nh4 Bb7 20. Qxb4 Bxg2 21.
Qxb8+ Rxb8 22. Kxg2 g6 23. b3 Qb7+ 24. Kg1 Qb4 25. Rd5 Rb5 26. Rxb5 Qxb5 27. e3
Qb4 28. Rd1 Qa3 29. Nf3 Qxa2 30. Rxd6 Qxb3 31. Kg2 Qb7 32. h4 Kg7 33. Re6 h6 34.
Rxe5 Kf6 35. Re8 Qc6 36. Rh8 Kg7 37. Rb8 g5 38. hxg5 hxg5 39. Rb4 g4 40. Rf4
gxf3+ 41. Kh2 Qd5 42. g4 fxg4 43. Rxg4+ Kf6 44. Kg3 Qd1 45. Rf4+ Kg5 46. Rg4+
Kf5 47. Rf4+ Ke5 48. Rh4 Ke6 49. Rh6+ Kf7 50. Rh4 Ke8 51. Rh8+ Kf7 52. Rh4 Ke6
53. Rh6+ Kd5 54. Rh4 Kc5 55. Rh5+ Kc4 56. Rh4+ Kc3 57. Rf4 Qh1 58. Rxf3 Kd2 59.
Rf4 Ke2 60. Kg4 Qg2+ 61. Kf5 Qd5+ 62. Kg4 Kf1 63. Kh4 Kg2 64. Kg4 Qe6+ 65. Kh4
Qh6+ 66. Kg4 Kg1 67. Kg3 Qh5 0-1

[Event "e2e4 Diamond Jubilee Premier"]
[Site "London ENG"]
[Date "2012.06.04"]
[Round "5.26"]
[White "Bennett, Dominic L"]
[Black "Taylor, Dale C"]
[Result "1-0"]
[WhiteElo "2072"]
[BlackElo "1990"]
[WhiteFideId "416657"]
[BlackFideId "416410"]
[EventDate "2012.06.02"]

1. d4 Nf6 2. Nf3 e6 3. c4 d5 4. Nc3 Be7 5. Bg5 O-O 6. Qc2 Nbd7 7. e3 c6 8. Bd3
dxc4 9. Bxc4 b5 10. Bd3 a6 11. e4 h6 12. Bh4 c5 13. e5 Nd5 14. Bxe7 Qxe7 15.
Nxd5 exd5 16. O-O cxd4 17. Rfe1 Nc5 18. Nxd4 Nxd3 19. Qxd3 Be6 20. f4 g6 21. Re3
Rfc8 22. Rf1 Rc5 23. f5 Bxf5 24. Nxf5 gxf5 25. Qxf5 Rac8 26. e6 d4 27. Rg3+ Kh8
28. Qf4 Qxe6 29. Qxd4+ Qe5 30. Qd2 R5c6 31. Rh3 Qc5+ 32. Kh1 Qc1 33. Qd4+ Kg8
34. Rf3 R6c7 35. Rg3+ Kf8 36. Qh8+ Ke7 37. Qf6+ Kf8 38. Rf3 Qg5 39. Qh8+ Ke7 40.
Rxf7+ Ke6 41. Qh7 Rc1 42. Qe4+ Kd6 43. Qd4+ Kc6 44. Rf6+ Kb7 45. Qb6+ Ka8 46.
Qxa6+ Kb8 47. Rb6+ Kc7 48. Rb7+ Kd8 49. Qd6+ Ke8 50. Qd7# 1-0

[Event "e2e4 Diamond Jubilee Premier"]
[Site "London ENG"]
[Date "2012.06.04"]
[Round "5.27"]
[White "Bhatia, Kanwal K"]
[Black "Taylor, Robert Graham"]
[Result "1-0"]
[WhiteTitle "WFM"]
[WhiteElo "2064"]
[BlackElo "1957"]
[WhiteFideId "407496"]
[BlackFideId "1800841"]
[EventDate "2012.06.02"]

1. e4 d6 2. d4 Nf6 3. Nc3 g6 4. Bg5 Bg7 5. Qd2 O-O 6. O-O-O c6 7. Nf3 b5 8. Bd3
Qa5 9. e5 b4 10. exf6 bxc3 11. Qxc3 Qxc3 12. bxc3 Bxf6 13. Bxf6 exf6 14. Rhe1
Bd7 15. Nd2 f5 16. Nc4 d5 17. Na5 Be6 18. c4 Rc8 19. c5 a6 20. Kd2 Nd7 21. Rb1
Nf6 22. f3 Rc7 23. Rb6 Bd7 24. Reb1 Nh5 25. Rb7 Rxb7 26. Rxb7 Be8 27. Rb6 Nf4
28. g3 Ne6 29. Kc3 f4 30. Nxc6 fxg3 31. hxg3 h5 32. Ne7+ Kf8 33. Nxd5 g5 34.
Rxa6 Rxa6 35. Bxa6 Bc6 36. Ne3 Bxf3 37. Bf1 h4 38. gxh4 gxh4 39. Nf5 Be4 40.
Nxh4 Ke7 41. Bd3 Bd5 42. a4 Kd7 43. Nf5 Kc7 44. Nd6 Nd8 45. Bc4 Bc6 46. Nxf7
Bxa4 47. Nxd8 Kxd8 48. d5 1-0

[Event "e2e4 Diamond Jubilee Premier"]
[Site "London ENG"]
[Date "2012.06.04"]
[Round "5.28"]
[White "Croad, Nicolas"]
[Black "Donovan, Nigel P"]
[Result "1-0"]
[WhiteTitle "FM"]
[WhiteElo "2334"]
[BlackElo "2033"]
[WhiteFideId "4300793"]
[BlackFideId "403822"]
[EventDate "2012.06.02"]

1. d4 Nf6 2. c4 e6 3. Nf3 b6 4. g3 Ba6 5. Qc2 c5 6. d5 exd5 7. cxd5 d6 8. Bg2
Nbd7 9. O-O Be7 10. Rd1 O-O 11. a4 Bb7 12. Nc3 a6 13. h3 Re8 14. g4 h6 15. Bf4
Bf8 16. Bg3 Rc8 17. Nh4 Ne5 18. e4 g6 19. f4 Ned7 20. Re1 Be7 21. Nf3 Nf8 22.
Rad1 Qc7 23. e5 N6h7 24. Nd2 c4 25. Kh2 Qd7 26. Nde4 Qc7 27. f5 gxf5 28. exd6 1-0

[Event "e2e4 Diamond Jubilee Premier"]
[Site "London ENG"]
[Date "2012.06.04"]
[Round "5.29"]
[White "McMahon, Daire"]
[Black "Grigoryan, Meri"]
[Result "0-1"]
[WhiteTitle "FM"]
[BlackTitle "WFM"]
[WhiteElo "2229"]
[BlackElo "2028"]
[WhiteFideId "2500477"]
[BlackFideId "13300571"]
[EventDate "2012.06.02"]

1. d4 d5 2. Nf3 Nc6 3. g3 Bg4 4. Bg2 Nf6 5. O-O Bxf3 6. Bxf3 e5 7. dxe5 Nxe5 8.
Bg2 c6 9. Nd2 Bc5 10. Nf3 Neg4 11. e3 Ne4 12. h3 Ngf6 13. Qe2 O-O 14. Kh2 Re8
15. Rd1 Nxf2 16. Qxf2 Ne4 17. Qe2 Bd6 18. Kg1 Bxg3 19. Rf1 Qc7 20. Bd2 Re6 21.
Be1 Rae8 22. Nh4 d4 23. Nf5 Bh2+ 24. Kh1 Nf6 25. e4 c5 26. Bf3 Bf4 27. Qg2 g6
28. Bg3 Kf8 29. Bxf4 Qxf4 30. Ng3 Rb6 31. b3 Re5 32. Be2 Qh6 33. Bc4 Rg5 34. Qh2
Qh4 35. Rf3 Nxe4 36. Nxe4 Qxe4 37. Rf1 Rf6 38. Bd3 Rxf3 0-1

[Event "e2e4 Diamond Jubilee Premier"]
[Site "London ENG"]
[Date "2012.06.04"]
[Round "5.30"]
[White "Olsson, Tomas"]
[Black "Tozer, Philip A A"]
[Result "1/2-1/2"]
[WhiteElo "1992"]
[BlackElo "2199"]
[WhiteFideId "1702696"]
[BlackFideId "419982"]
[EventDate "2012.06.02"]

1. e4 e6 2. d4 d5 3. Nc3 Nf6 4. Bg5 Be7 5. e5 Nfd7 6. Bxe7 Qxe7 7. f4 O-O 8. Nf3
c5 9. dxc5 f6 10. exf6 Qxf6 11. g3 Nc6 12. Qd2 Nxc5 13. O-O-O Rd8 14. Ne2 Ne4
15. Qe3 e5 16. Bg2 Bf5 17. fxe5 Nxe5 18. Nxe5 Qxe5 19. Nd4 Bg6 20. Bh3 Re8 21.
Rhf1 Qd6 22. Qf4 Qc5 23. Ne6 Qa5 24. Qe5 Re7 25. Qxd5 Qxd5 26. Rxd5 Nf6 27. Rd2
Rae8 28. Nf4 Be4 29. Rd6 Rc7 30. Rd2 Rc6 31. Bg2 Bxg2 32. Rxg2 1/2-1/2

[Event "e2e4 Diamond Jubilee Premier"]
[Site "London ENG"]
[Date "2012.06.04"]
[Round "5.31"]
[White "Pace, Colin"]
[Black "Kender, Robert"]
[Result "1-0"]
[WhiteTitle "CM"]
[WhiteElo "2128"]
[BlackElo "1946"]
[WhiteFideId "5600189"]
[BlackFideId "2064170"]
[EventDate "2012.06.02"]

1. e4 c5 2. Nf3 d6 3. d4 cxd4 4. Nxd4 Nf6 5. Nc3 a6 6. Bc4 e6 7. Bb3 Be7 8. Be3
Nc6 9. Qe2 Na5 10. O-O-O Nxb3+ 11. axb3 Qc7 12. g4 b5 13. g5 Nd7 14. Rhe1 Bb7
15. f3 O-O 16. h4 Rfd8 17. h5 Nf8 18. Rh1 d5 19. exd5 Bxd5 20. Nf5 exf5 21. Nxd5
Qe5 22. Nxe7+ Qxe7 23. Qf2 Rac8 24. h6 g6 25. Rxd8 Rxd8 26. Re1 Qd7 27. Bb6 Rc8
28. Rd1 Qc6 29. Ba5 Ne6 30. f4 Qe4 31. Rf1 Nxf4 32. Kb1 Ne6 33. Qd2 Qd4 34. Qg2
Qc5 35. Rd1 Qe7 36. Re1 Qxg5 37. Qb7 Re8 38. Rxe6 1-0

[Event "e2e4 Diamond Jubilee Premier"]
[Site "London ENG"]
[Date "2012.06.04"]
[Round "5.32"]
[White "Fox, Anthony"]
[Black "Balaji, Ananthanarayanan"]
[Result "1/2-1/2"]
[WhiteElo "2110"]
[BlackElo "1834"]
[WhiteFideId "2500736"]
[BlackFideId "421197"]
[EventDate "2012.06.02"]

1. e4 e5 2. Nf3 Nc6 3. Bb5 a6 4. Ba4 Nf6 5. O-O Be7 6. Re1 b5 7. Bb3 d6 8. c3
O-O 9. h3 Na5 10. Bc2 c5 11. d4 Qc7 12. Nbd2 Bd7 13. Nf1 Rfc8 14. d5 c4 15. Ng3
g6 16. Bg5 Nb7 17. Qd2 Nc5 18. Nh2 Qd8 19. Bh6 Qb6 20. Nf3 a5 21. Nf5 Bxf5 22.
exf5 Qb7 23. fxg6 fxg6 24. Rad1 Bf8 25. Bg5 Bg7 26. Bxf6 Bxf6 27. Ng5 Qe7 28.
Ne4 Nxe4 29. Rxe4 Rf8 30. Qe2 Qd7 31. g3 Bd8 32. Rf1 Bb6 33. Kg2 Rf7 34. Rg4
Raf8 35. f3 Rf6 36. h4 Kh8 37. h5 gxh5 38. Rh4 Qf7 39. Be4 Rg8 40. Rfh1 Rh6 41.
Qd2 Qg7 42. g4 Qg5 43. Qxg5 Rxg5 44. Rxh5 Rhxh5 45. Rxh5 Rxh5 46. gxh5 h6 1/2-1/2

[Event "e2e4 Diamond Jubilee Premier"]
[Site "London ENG"]
[Date "2012.06.04"]
[Round "5.33"]
[White "Lee, Kai Jie Edward"]
[Black "Pattni, Kishan"]
[Result "1-0"]
[WhiteElo "2102"]
[BlackElo "1736"]
[WhiteFideId "5802920"]
[BlackFideId "420751"]
[EventDate "2012.06.02"]

1. e4 c5 2. Nf3 Nc6 3. d4 cxd4 4. Nxd4 g6 5. c4 Bg7 6. Be3 Nf6 7. Nc3 Ng4 8.
Qxg4 Nxd4 9. Qd1 Nc6 10. Qd2 h5 11. Be2 d6 12. O-O O-O 13. Rad1 Qa5 14. f4 f5
15. exf5 Bxf5 16. Bf3 Be6 17. Bd5 Bxd5 18. cxd5 Nd8 19. Qd3 Rf5 20. Rf2 Nf7 21.
Ne4 Nh6 22. h3 h4 23. Ng5 a6 24. Qe4 Bf6 25. Qe6+ Kg7 26. Ne4 Qd8 27. g4 hxg3
28. Nxg3 Kh7 29. Nxf5 Nxf5 30. Rg2 Qg8 31. Qe4 Rc8 32. Bb6 Qg7 33. Rdd2 Qh6 34.
Kh2 Qf8 35. Rxg6 Kxg6 36. Rg2+ Kh6 37. Qxf5 Qe8 38. Be3 Rd8 39. Qg4 Qf7 40. Bd4
Qh5 41. Qe6 Qh4 42. Rg4 Qxg4 43. hxg4 1-0

[Event "e2e4 Diamond Jubilee Premier"]
[Site "London ENG"]
[Date "2012.06.04"]
[Round "5.34"]
[White "Shepherd, David"]
[Black "Lim, Zhuo Ren"]
[Result "0-1"]
[WhiteElo "1934"]
[BlackElo "2095"]
[WhiteFideId "412023"]
[BlackFideId "5702488"]
[EventDate "2012.06.02"]

1. d4 Nf6 2. Nf3 e6 3. Bf4 c5 4. c3 b5 5. e3 b4 6. Be2 Be7 7. O-O Bb7 8. dxc5
Bxc5 9. cxb4 Bxb4 10. Qb3 Qb6 11. Nbd2 d5 12. Bc7 Qxc7 13. Qxb4 Nc6 14. Bb5 Nd7
15. Qc3 O-O 16. Nd4 Rac8 17. Bxc6 Bxc6 18. Rfc1 Nb8 19. Nxc6 Nxc6 20. Qa3 Qb6
21. Nf3 Nb4 22. Ne5 Rfd8 23. Qb3 f6 24. Nf3 Nc2 25. Qxb6 axb6 26. Rab1 e5 27.
Kf1 Rc5 28. Nd2 Rdc8 29. Nb3 Rc4 30. Rd1 Rd8 31. Nd2 Rc6 32. Nf3 Kf7 33. a3 g5
34. Ne1 Ke6 35. Rd2 Nxe1 36. Kxe1 f5 37. Ke2 h5 38. g3 Rc4 39. Rbd1 Rc5 40. Kf3
f4 41. gxf4 gxf4 42. Kg2 Rg8+ 43. Kh3 fxe3 44. fxe3 Rg4 45. Rf1 Re4 46. Rf3 Rc1
47. Rg2 Kd6 48. Rg6+ Kc5 49. b4+ Kb5 50. Rd6 Rd1 51. a4+ Kxa4 52. Rxb6 Rd3 53.
Rd6 Rexe3 54. Rxe3 Rxe3+ 55. Kh4 d4 56. Kxh5 Rh3+ 57. Kg4 Rxh2 58. b5 Kxb5 59.
Rd5+ Kc4 60. Rxe5 Rf2 61. Kg3 Rf8 62. Re7 Kd3 63. Ra7 Ke3 64. Re7+ Kd2 65. Ra7
d3 66. Rh7 Kc2 67. Rc7+ Kd1 68. Re7 d2 69. Rc7 Rf5 70. Kg2 Ke2 71. Re7+ Kd3 72.
Rd7+ Ke3 73. Kg1 Rf4 0-1

[Event "e2e4 Diamond Jubilee Premier"]
[Site "London ENG"]
[Date "2012.06.04"]
[Round "5.35"]
[White "Matthew, Ian G"]
[Black "Kahn, Tito"]
[Result "1/2-1/2"]
[WhiteElo "1930"]
[BlackElo "2085"]
[WhiteFideId "423165"]
[BlackFideId "15600084"]
[EventDate "2012.06.02"]

1. e4 c5 2. Nf3 e6 3. d4 cxd4 4. Nxd4 Nc6 5. c4 Qc7 6. Nb5 Qb8 7. a3 a6 8. N5c3
Nf6 9. Be3 b6 10. b4 Bd6 11. g3 O-O 12. f4 e5 13. f5 b5 14. c5 Be7 15. g4 Ne8
16. Nd5 Bh4+ 17. Bf2 Bxf2+ 18. Kxf2 a5 19. g5 axb4 20. f6 bxa3 21. fxg7 Nxg7 22.
Nf6+ Kh8 23. Qg4 Qa7 24. Rxa3 Qxc5+ 25. Re3 Ra2+ 26. Be2 Nd4 27. Nc3 Nc2 28.
Ncd5 Nxe3 29. Nxe3 Ra3 30. Qh3 Qxe3+ 31. Qxe3 Rxe3 32. Kxe3 Ne6 1/2-1/2

[Event "e2e4 Diamond Jubilee Premier"]
[Site "London ENG"]
[Date "2012.06.04"]
[Round "5.36"]
[White "Humphreys, Jerry G"]
[Black "O'Donnell, Conor"]
[Result "0-1"]
[WhiteElo "2080"]
[BlackElo "1860"]
[WhiteFideId "408158"]
[BlackFideId "2504243"]
[EventDate "2012.06.02"]

1. c4 e5 2. Nc3 Bb4 3. e3 Nc6 4. Nge2 f5 5. a3 Bxc3 6. Nxc3 a5 7. Qc2 d6 8. Be2
Nf6 9. O-O O-O 10. d3 g5 11. Rb1 f4 12. b4 axb4 13. axb4 Bf5 14. Bd2 Ne7 15. Ra1
Rb8 16. Nd5 Ng6 17. Qc3 Nxd5 18. cxd5 g4 19. e4 f3 20. exf5 fxe2 21. Rfc1 Rxf5
22. Qxc7 Qxc7 23. Rxc7 Nf4 24. Re1 Ra8 25. Bxf4 exf4 26. Rxb7 f3 27. h3 h5 28.
Re7 Ra2 29. hxg4 hxg4 30. Re4 Rg5 31. Rc4 Rd2 32. Kh2 Rd1 33. Rc1 Rxc1 34. Rxc1
Rxd5 35. b5 Rxb5 36. Kg3 Rd5 0-1

[Event "e2e4 Diamond Jubilee Premier"]
[Site "London ENG"]
[Date "2012.06.04"]
[Round "5.37"]
[White "McDonald, Ian"]
[Black "Waterfield, John W"]
[Result "1-0"]
[WhiteElo "1840"]
[BlackElo "2009"]
[WhiteFideId "2401541"]
[BlackFideId "407143"]
[EventDate "2012.06.02"]

1. e4 c5 2. Nf3 g6 3. c4 Nc6 4. Be2 Bg7 5. O-O Nf6 6. Nc3 O-O 7. d3 e6 8. Be3 b6
9. d4 cxd4 10. Nxd4 Nxd4 11. Bxd4 d6 12. Qc2 Bb7 13. Rfd1 Qe7 14. Rd2 Rfd8 15.
Rad1 Rac8 16. b3 d5 17. exd5 exd5 18. Bxf6 Qxf6 19. Nxd5 Qg5 20. Bf3 Be5 21. g3
Rd6 22. h4 Qd8 23. Qe4 Re6 24. Nf4 Qxd2 25. Qxb7 Qxd1+ 26. Bxd1 Ree8 27. Nd5 Kg7
28. Bg4 Rc5 29. Qxa7 Ra5 30. Qxb6 Rxa2 31. Kg2 Rd2 32. Qe3 Rb2 33. Bd7 1-0

[Event "e2e4 Diamond Jubilee Premier"]
[Site "London ENG"]
[Date "2012.06.04"]
[Round "5.38"]
[White "Kuhendiran, Tharshan"]
[Black "Taylor, Adam C"]
[Result "0-1"]
[WhiteElo "1778"]
[BlackElo "1948"]
[WhiteFideId "423777"]
[BlackFideId "424668"]
[EventDate "2012.06.02"]

1. f4 c5 2. e4 d5 3. e5 Bf5 4. Bb5+ Nd7 5. Nf3 a6 6. Bxd7+ Qxd7 7. d4 e6 8. c3
Rc8 9. O-O Ne7 10. Nbd2 Nc6 11. Nb3 c4 12. Nbd2 b5 13. a3 a5 14. Kh1 Be7 15. Rg1
h5 16. Nf1 Qb7 17. Ne3 Be4 18. Rf1 b4 19. axb4 axb4 20. Bd2 b3 21. Be1 Kd7 22.
Bf2 Ra8 23. Rxa8 Rxa8 24. Nd2 Bd3 25. Re1 Ra2 26. Qc1 Na7 27. Nf3 Nb5 28. Nd1
Na3 29. Rg1 Nc2 30. Ne1 Nxe1 31. Rxe1 Qa6 32. h3 Ra1 33. Qd2 Qa2 34. Ne3 Ba3 35.
Rxa1 Qxa1+ 36. Qd1 Bxb2 37. Kh2 Qxd1 38. Nxd1 Bc1 39. Kg3 Bc2 40. Be3 Bxe3 41.
Nb2 Bc1 42. Na4 b2 43. Nxb2 Bxb2 44. Kh4 Bxc3 45. Kxh5 Bxd4 46. g4 Bg6+ 47. Kg5
c3 48. f5 exf5 49. gxf5 Bxf5 50. Kxf5 Bxe5 51. Kxe5 c2 52. Kxd5 c1=Q 53. h4 Qc6+
54. Ke5 Qe6+ 55. Kf4 g6 56. Kg5 f5 57. Kh6 f4 58. h5 gxh5+ 59. Kxh5 Qg8 60. Kh4
f3 61. Kh3 f2 62. Kh2 f1=R 63. Kh3 Rh1# 0-1

[Event "e2e4 Diamond Jubilee Premier"]
[Site "London ENG"]
[Date "2012.06.04"]
[Round "5.39"]
[White "Kalaiyalahan, Akshaya"]
[Black "Neatherway, A Philip"]
[Result "1-0"]
[WhiteElo "1646"]
[BlackElo "1926"]
[WhiteFideId "422894"]
[BlackFideId "418854"]
[EventDate "2012.06.02"]

1. e4 c5 2. Nf3 e6 3. d4 cxd4 4. Nxd4 a6 5. Nc3 Qc7 6. a3 Nf6 7. Be2 Nc6 8. O-O
Bd6 9. h3 b5 10. Bg5 Bb7 11. Nxc6 Bxc6 12. Bf3 Be5 13. Bd2 O-O 14. Re1 a5 15.
Rb1 Rfb8 16. Qe2 b4 17. axb4 axb4 18. Nd1 Bb5 19. Qe3 Qxc2 20. Rc1 Qa4 21. Qg5
d6 22. Bf4 Nd7 23. Bh5 Bxf4 24. Qxf4 Nf6 25. Rc7 Rf8 26. Bf3 Qa6 27. e5 dxe5 28.
Qxe5 Rac8 29. Bb7 Qb6 30. Bxc8 1-0

[Event "e2e4 Diamond Jubilee Premier"]
[Site "London ENG"]
[Date "2012.06.04"]
[Round "5.40"]
[White "Taylor, Adam A"]
[Black "Tarhon, Brian"]
[Result "1/2-1/2"]
[WhiteElo "1869"]
[BlackElo "1769"]
[WhiteFideId "415790"]
[BlackFideId "423190"]
[EventDate "2012.06.02"]

1. Nf3 Nf6 2. c4 e6 3. g3 Be7 4. Bg2 d5 5. O-O O-O 6. d4 Nbd7 7. c5 Re8 8. Bf4
Nf8 9. Nc3 Ng6 10. b4 c6 11. Qc2 Nxf4 12. gxf4 Nh5 13. e3 f5 14. a4 g5 15. fxg5
Bxg5 16. Nxg5 Qxg5 17. Kh1 Kh8 18. Rg1 Qh4 19. Bf3 Bd7 20. Qe2 Nf6 21. b5 Ne4
22. Bxe4 fxe4 23. Rg4 Qe7 24. bxc6 bxc6 25. Rag1 Rg8 26. Rxg8+ Rxg8 27. Rxg8+
Kxg8 28. Qg4+ Qg7 29. Qf4 Qf7 30. Qg5+ Kh8 31. Qe5+ Kg8 32. Qg5+ Kh8 33. Qe5+
Kg8 34. Qg3+ Kh8 35. Ne2 Bc8 36. Qe5+ Kg8 37. Nf4 Bd7 38. Qg5+ Kh8 39. Qe5+ Kg8
40. Qg5+ Kh8 41. Qe5+ Kg8 1/2-1/2

[Event "e2e4 Diamond Jubilee Premier"]
[Site "London ENG"]
[Date "2012.06.04"]
[Round "5.41"]
[White "Shepherd, Katherine M"]
[Black "Akhanov, Dauren"]
[Result "0-1"]
[WhiteElo "1763"]
[BlackElo "2149"]
[WhiteFideId "412031"]
[BlackFideId "13704079"]
[EventDate "2012.06.02"]

1. d4 Nf6 2. Nf3 g6 3. Nc3 Bg7 4. e4 d6 5. Be3 c6 6. Qd2 b5 7. a3 a6 8. h3 Nbd7
9. Bh6 Bxh6 10. Qxh6 e5 11. dxe5 dxe5 12. Bd3 Qe7 13. O-O Bb7 14. Rfe1 Nh5 15.
Qe3 Nf4 16. Ne2 Ne6 17. a4 O-O 18. c3 Nec5 19. Bc2 Nb6 20. b3 a5 21. axb5 cxb5
22. b4 axb4 23. cxb4 Nca4 24. Bxa4 Nxa4 25. Rab1 Rfc8 26. Nd2 Rc2 27. Rec1 Rac8
28. Rxc2 Rxc2 29. Qd3 Qc7 30. Kh2 Nb6 31. Rb3 Na4 32. Rb1 Qc6 33. Kg1 Rxd2 34.
Qxd2 Qxe4 35. f3 Qxb1+ 36. Kh2 Qb2 37. Qd8+ Kg7 38. Ng3 Qd4 39. Qe7 Bxf3 40.
Nf5+ gxf5 41. Qg5+ Kf8 42. gxf3 Qf4+ 0-1